000 00858nac a22002417a 4500
001 BR7601724
003 BR-BrBNA
005 20240105113930.0
008 230509b bl.|||m| |||| 00| 0 por d
040 _aBR-BrBNA
_bpor
_cBiblioteca Nacional de Agricultura
072 _aF30
090 _aF30 BR7601724
110 1 _aCentro Nacional de Recursos Geneticos, Brasilia, DF (Brasil)
_91868
245 1 _aRelatorio trimestral [Melhoramento genetico vegetal; Banco de germoplasma; Brasil]
_b3. trimestre - 1976
260 3 _aBrasilia, DF (Brasil):
_cJul 1976.
300 _a10 p.
490 _aRelatorio Trimestral - Centro Nacional de Recursos Geneticos (Brazil)
_vno. 1
_x
500 _a10 tables
650 _aMelhoramento genetico vegetal
650 _aBanco de Germoplasma
909 _a202312
_bLúcia Elande
_c55
_dLúcia Elande
942 _2AGRIS
_n0
_cMS
999 _c266423
_d266423